Poesías completas / (Registro nro. 120895)
[ vista simple ]
| 000 -LEADER | |
|---|---|
| campo de control de longitud fija | 00667nam a2200193 4500 |
| 001 - NÚMERO DE CONTROL | |
| campo de control | 120895 |
| 003 - IDENTIFICADOR DE NÚMERO DE CONTROL | |
| campo de control | ES-MaACL |
| 005 - FECHA Y HORA DE LA ÚLTIMA TRANSACCIÓN | |
| campo de control | 20251009173641.0 |
| 007 - CAMPO FIJO DE DESCRIPCIÓN FÍSICA--INFORMACIÓN GENERAL | |
| campo de control de longitud fija | t| |
| 008 - DATOS DE LONGITUD FIJA--INFORMACIÓN GENERAL | |
| campo de control de longitud fija | 070214s1957 sp r ||||1| spa d |
| 100 1# - ENTRADA PRINCIPAL--NOMBRE DE PERSONA | |
| Nombre de persona | Pombo, Rafael. |
| 9 (RLIN) | 92911 |
| 245 10 - MENCIÓN DEL TÍTULO | |
| Título | Poesías completas / |
| Mención de responsabilidad, etc. | Rafael Pombo ; estudio preliminar de Antonio Gómez Restrepo ; prólogo, ordenación y notas de Eduardo Carranza. |
| 260 ## - PUBLICACIÓN, DISTRIBUCIÓN, ETC. | |
| Lugar de publicación, distribución, etc. | Madrid : |
| Nombre del editor, distribuidor, etc. | Aguilar, |
| Fecha de publicación, distribución, etc. | 1957. |
| 300 ## - DESCRIPCIÓN FÍSICA | |
| Extensión | 1641 p., 1 lám. : |
| Otras características físicas | `retr. aut.` ; |
| Dimensiones | 14 cm. |
| 700 1# - ENTRADA AGREGADA--NOMBRE PERSONAL | |
| Nombre de persona | Gómez Restrepo, Antonio, |
| Fechas asociadas al nombre | 1869-1947 |
| 9 (RLIN) | 58130 |
| 700 1# - ENTRADA AGREGADA--NOMBRE PERSONAL | |
| Nombre de persona | Carranza, Eduardo. |
| 9 (RLIN) | 35501 |
| 852 ## - LOCALIZACIÓN | |
| Ubicación | ES-MaACL |
| Número de control de estantería | D-6224 |
| Sublocalización o colección | R.40238 |
| Estatus retirado | Estado de pérdida | Estado de daño | No para préstamo | Biblioteca de origen | Biblioteca actual | Ubicación en estantería | Fecha de adquisición | Fuente de adquisición | Total de préstamos | Signatura topográfica completa | Código de barras | Visto por última vez | Precio de reemplazo | Tipo de ítem Koha |
|---|---|---|---|---|---|---|---|---|---|---|---|---|---|---|
| Biblioteca del Ateneo de Madrid | Biblioteca del Ateneo de Madrid | Sala Valle Inclán | 17/01/2008 | D-6224 | 901126005 | 23/02/2023 | 23/02/2023 | Libro impreso |
